000 00838cab a2200253 4500
001 WB2925-10
008 090401t1993 xxu||||| |||| 00| 0 eng d
035 _a(Sirsi) u62777
041 _aeng
245 _aCommercial property market growth
260 _c1993
350 _a0
490 _aRICS Press Release
_v(132.93 comm) 25 June 1993 (2)
520 _aThe performance of commercial property is beginning to improve, according to the third forecast of the RICS-sponsored LBS Commercial Property Price Model.
650 _aCAPITAL VALUES
650 _aCOMMERCIAL PROPERTY PRICES
650 _aFORECASTS
650 _aIPD MONTHLY INDEX
650 _aLBS / RICS COMMERCIAL PROPERTY MODEL
650 _aRICS / LBS COMMERCIAL PROPERTY MODEL
690 _aPROPERTY-COMMERCIAL PROPERTY
942 _n0
948 _c04/03/1997
999 _c38989
_d38989